The Muslims of British India (Record no. 549726)

000 -LEADER
fixed length control field 00687cam a2200193 4500
020 ## - INTERNATIONAL STANDARD BOOK NUMBER
International Standard Book Number 0521084881
-- 0521097835 (pbk)
082 00 - DEWEY DECIMAL CLASSIFICATION NUMBER
Classification number 954
Author Mark HAR
-- L-28, P-101
100 1# - MAIN ENTRY--PERSONAL NAME
Personal name Hardy, Peter.
9 (RLIN) 46377
245 14 - TITLE STATEMENT
Title The Muslims of British India
Statement of responsibility, etc. [by] P. Hardy.
260 ## - PUBLICATION, DISTRIBUTION, ETC.
Place of publication, distribution, etc. [London]
Name of publisher, distributor, etc. Cambridge University Press,
Date of publication, distribution, etc. 1972.
300 ## - PHYSICAL DESCRIPTION
Extent ix, 306 p.
Other physical details maps.
Dimensions 22 cm.
490 1# - SERIES STATEMENT
Series statement Cambridge South Asian studies, no. 13
526 ## - STUDY PROGRAM INFORMATION NOTE
Program name 0
Interest level 0
Reading level 0
Title point value 954_000000000000000_HAR
650 #0 - SUBJECT ADDED ENTRY--TOPICAL TERM
Topical term or geographic name entry element MCE
9 (RLIN) 379
650 #0 - SUBJECT ADDED ENTRY--TOPICAL TERM
Topical term or geographic name entry element Muslims
Geographic subdivision India.
9 (RLIN) 5655
856 41 - ELECTRONIC LOCATION AND ACCESS
Uniform Resource Identifier <a href="http://www.loc.gov/catdir/enhancements/fy0803/77184772-t.html">http://www.loc.gov/catdir/enhancements/fy0803/77184772-t.html</a>
856 42 - ELECTRONIC LOCATION AND ACCESS
Uniform Resource Identifier <a href="http://www.loc.gov/catdir/enhancements/fy0803/77184772-d.html">http://www.loc.gov/catdir/enhancements/fy0803/77184772-d.html</a>
942 ## - ADDED ENTRY ELEMENTS (KOHA)
Source of classification or shelving scheme
Koha item type Book
Holdings
Withdrawn status Lost status Source of classification or shelving scheme Damaged status Not for loan Permanent Location Current Location Date acquired Total Checkouts Full call number Barcode Date last seen Date last checked out Price effective from Koha item type
          Military College of Engineering (MCE) Military College of Engineering (MCE) 10/13/2014 1 954 HAR MCE-5205/1 02/03/2017 11/03/2016 10/13/2014 Book
© 2023 Central Library, National University of Sciences and Technology. All Rights Reserved.